<?xml version="1.0" encoding="UTF-8"?>
<record
    xmlns:xsi="http://www.w3.org/2001/XMLSchema-instance"
    xsi:schemaLocation="http://www.loc.gov/MARC21/slim http://www.loc.gov/standards/marcxml/schema/MARC21slim.xsd"
    xmlns="http://www.loc.gov/MARC21/slim">

  <leader>03014nab a2200241 ab4500</leader>
  <controlfield tag="005">20260525134732.0</controlfield>
  <controlfield tag="008">251016c2025    ve fr poo#   #00|   spa d</controlfield>
  <controlfield tag="003"></controlfield>
  <datafield tag="040" ind1=" " ind2=" ">
    <subfield code="a">MX-MxUPN</subfield>
    <subfield code="b">spa</subfield>
    <subfield code="c">MX-MxUPN</subfield>
    <subfield code="e">aacr2</subfield>
  </datafield>
  <datafield tag="100" ind1="1" ind2=" ">
    <subfield code="a">Silva Mac&#xED;as, Rosa Aura</subfield>
    <subfield code="9">59691</subfield>
  </datafield>
  <datafield tag="245" ind1="1" ind2="3">
    <subfield code="a">El rol del docente directivo desde un enfoque descolonizador en la educaci&#xF3;n primaria</subfield>
    <subfield code="h">[recurso electr&#xF3;nico en l&#xED;nea]</subfield>
  </datafield>
  <datafield tag="506" ind1="0" ind2=" ">
    <subfield code="a">Acceso abierto</subfield>
  </datafield>
  <datafield tag="520" ind1="3" ind2=" ">
    <subfield code="a">Las actividades de las instituciones educativas son de fundamental importancia para la educaci&#xF3;n integral de los ni&#xF1;os, ni&#xF1;as y adolescentes que les encomienda la sociedad. Este aspecto est&#xE1; &#xED;ntimamente relacionado con la disponibilidad de recursos, aunque es especialmente cr&#xED;tico en lo que respecta a la planificaci&#xF3;n y organizaci&#xF3;n de los procesos educativos, as&#xED; como a su ejecuci&#xF3;n por parte del personal directivo. En este sentido, el aprendizaje organizacional se considera un elemento clave para asegurar un desempe&#xF1;o &#xF3;ptimo, en la eficiencia y eficacia, aumentando la capacidad ante los desaf&#xED;os futuros. Asimismo, es esencial que este profesional posea las caracter&#xED;sticas personales adecuadas, experiencia y un liderazgo que fomente el logro de los objetivos educativos. Por lo tanto, esta investigaci&#xF3;n tiene como prop&#xF3;sito promover el rol del docente directivo desde un enfoque descolonizador en la Educaci&#xF3;n Primaria, municipio los Guayos, estado Carabobo. Se enmarca dentro del paradigma sociocr&#xED;tico, una metodolog&#xED;a de tipo investigaci&#xF3;n acci&#xF3;n participativa, l&#xED;nea de investigaci&#xF3;n gesti&#xF3;n curricular, empleando como t&#xE9;cnicas la observaci&#xF3;n participativa y entrevista en profundidad, instrumento gu&#xED;a de preguntas estructuradas. Los informantes clave fueron un supervisor, dos directivos, dos docentes, un coordinador pedag&#xF3;gico y un consejo comunal. Para el an&#xE1;lisis de la informaci&#xF3;n, se aplicaron t&#xE9;cnicas de triangulaci&#xF3;n y categorizaci&#xF3;n. Se evidenci&#xF3; en los resultados que, si no se maneja la importancia de una gerencia que motive e impulse otras formas de ver la educaci&#xF3;n, simplemente se seguir&#xE1; en solitario educando a un grupo de estudiantes donde su aprendizaje no ser&#xE1; c&#xF3;nsono con lo que se exige desde la comunidad y la familia. Entre las conclusiones est&#xE1;n que: Adoptar un nuevo paradigma de gesti&#xF3;n. La convergencia de estos elementos evidenci&#xF3; que la descolonizaci&#xF3;n no es una mera teor&#xED;a, sino una pr&#xE1;ctica palpable que demanda un liderazgo docente transformador capaz de reinterpretar el curr&#xED;culo y las din&#xE1;micas escolares. </subfield>
    <subfield code="c">REDINE</subfield>
  </datafield>
  <datafield tag="653" ind1=" " ind2=" ">
    <subfield code="a">Descolonizaci&#xF3;n</subfield>
  </datafield>
  <datafield tag="653" ind1=" " ind2=" ">
    <subfield code="a">Docente directivo</subfield>
  </datafield>
  <datafield tag="650" ind1=" " ind2="4">
    <subfield code="a">Educaci&#xF3;n primaria</subfield>
    <subfield code="9">1552</subfield>
  </datafield>
  <datafield tag="650" ind1=" " ind2="2">
    <subfield code="a">Comunidad</subfield>
    <subfield code="9">9262</subfield>
  </datafield>
  <datafield tag="773" ind1=" " ind2=" ">
    <subfield code="g">Vol. 17, no. 2 (2025), p. 44-61</subfield>
    <subfield code="t">REDINE : red de investigaci&#xF3;n educativa</subfield>
    <subfield code="x">2244&#x2013;7997</subfield>
  </datafield>
  <datafield tag="856" ind1="4" ind2=" ">
    <subfield code="u">https://revistas.uclave.org/index.php/redine/article/view/5395</subfield>
  </datafield>
  <datafield tag="856" ind1="4" ind2=" ">
    <subfield code="u">https://revistas.uclave.org/index.php/redine/article/view/5395/3670</subfield>
  </datafield>
  <datafield tag="902" ind1=" " ind2=" ">
    <subfield code="a">Leonor Sotres/250526</subfield>
  </datafield>
  <datafield tag="942" ind1=" " ind2=" ">
    <subfield code="c">ART-E</subfield>
  </datafield>
  <datafield tag="952" ind1=" " ind2=" ">
    <subfield code="0">0</subfield>
    <subfield code="1">0</subfield>
    <subfield code="4">0</subfield>
    <subfield code="7">0</subfield>
    <subfield code="8">CAA</subfield>
    <subfield code="a">BCUPN50</subfield>
    <subfield code="b">BCUPN50</subfield>
    <subfield code="c">ENL</subfield>
    <subfield code="d">2026-05-25</subfield>
    <subfield code="l">0</subfield>
    <subfield code="r">2026-05-25 13:48:00</subfield>
    <subfield code="u">https://revistas.uclave.org/index.php/redine/article/view/5395/3670</subfield>
    <subfield code="w">2026-05-25</subfield>
    <subfield code="y">ART-E</subfield>
  </datafield>
  <datafield tag="999" ind1=" " ind2=" ">
    <subfield code="c">215201</subfield>
    <subfield code="d">215201</subfield>
  </datafield>
</record>
